000 01159nam a2200253 u 4500
001 000023227
005 20200930022055.0
008 101130s1969 mx a 001 0 spa d
040 _aDO-SdBNP
_bspa
_cBNPHU
082 _aXXX
_bP217ó
100 1 _aPapini, Giovanni,
_d1881-1956.
_947820
245 1 0 _aObras / :
_bGiovanni Papini ; recopilación, prólogo y notas de José Miguel Velloso ; traducción de Armando Lázaro Ros, María del Carmen Cuadrado Vázquez y Luis Hernández Alfonso.
250 _a2a ed.
260 _aMéxico :
_bAguilar,
_c1969.
300 _av. 6 :
_bil. ;
_c19 cm.
500 _aLa biblioteca posee le volumen 6.
504 _aIncluye referencias bibliográficas y notas al pie de las páginas.
505 0 _tReligión: El Diablo. Polémica religiosa --
_tPolítica: Europa Occidental contra la "Mitteleuropa". La paga del sábado --
_tArte y letras: La experiencia futurista Estudios breves.
700 1 _aVelloso, José Miguel,
_epról.
_947821
700 1 _aLázaro Ros, Armando,
_etr.
_98957
700 1 _aCuadrado Vázquez, María del Carmen,
_etr.
_947822
700 1 _aHernández Alfonso, Luis,
_etr.
_947823
049 _aBNGR
999 _c22724
_d22724